00860nam a2200241 a 450000100100000000500170001000800410002702000180006804000250008608200150011110000280012624501040015426000360025830000210029450000710031550400550038650400310044165000200047265000420049265000220053465000270055665000350058300003594020260330121013.0111117s2011 dr 001 0 spa d a9789945164152 aDO-SdBNPbspacBNPHU a345bN682g1 aNieves, Ricardo,d1967-10aGlobalización, derecho penal y estado de derecho :bocaso de la justicia penal? /cRicardo Nieve. aSanto Domingo :bBúho,c2011. a205 p. ;c22 cm. aIncluye datos biográficos del autor en la solapa de la cubierta. aIncluye bibliografía ynotas al pie de páginas. aBibliografía: p.201-205. 0aGlobalización 4aDerecho penalzRepública Dominicana 0aEstado de derecho 0aGarantías (Derecho)  0aAdministración de justicia